[Event "XXVIII Corsicoscacchi Magistrale"]
[Site "Corsico ITA"]
[Date "2003.10.04"]
[Round "1"]
[White "Borroni, Enrico"]
[Black "Bonazzi, Edoardo"]
[Result "1/2-1/2"]
[WhiteElo "1908"]
[BlackElo "2139"]
[PlyCount "105"]
[EventDate "2003.10.04"]

1. d4 Nf6 2. Nf3 c5 3. g3 g6 4. Bg2 Bg7 5. O-O cxd4 6. Nxd4 Nc6 7. c4 O-O 8.
Nc3 Nxd4 9. Qxd4 d6 10. Qd2 a6 11. b3 Rb8 12. Bb2 b5 13. cxb5 axb5 14. Nd5 Nxd5
15. Bxg7 Kxg7 16. Qxd5 Qb6 17. Rfd1 Bb7 18. Qd4+ Qxd4 19. Rxd4 Bxg2 20. Kxg2
Rfc8 21. a4 bxa4 22. bxa4 Rc6 23. a5 Ra6 24. Kf3 Rb5 25. Rda4 Kf6 26. R1a3 Ke6
27. Ke3 d5 28. Kd3 Kd6 29. Ra2 e5 30. h4 h5 31. Kd2 Kc6 32. R4a3 Kb7 33. Ra4
Ka7 34. Rc2 Kb7 35. Rca2 Rd6 36. a6+ Ka7 37. R4a3 f6 38. Kd1 Rb1+ 39. Kd2 Rbb6
40. Rc2 Rxa6 41. Rac3 Rab6 42. Rc7+ Rb7 43. Rc8 Re7 44. Rg8 f5 45. Ra2+ Kb7 46.
Rga8 Rc7 47. R2a7+ Kc6 48. Ra6+ Kc5 49. Rxd6 Kxd6 50. Rg8 Ra7 51. Rxg6+ Kc5 52.
Rg5 Ra2+ 53. Kd1 1/2-1/2

[Event "XXVIII Corsicoscacchi Magistrale"]
[Site "Corsico ITA"]
[Date "2003.10.04"]
[Round "1"]
[White "Brunelli, Giovanni"]
[Black "Barberi, Alessandro"]
[Result "0-1"]
[WhiteElo "1711"]
[BlackElo "2099"]
[PlyCount "48"]
[EventDate "2003.10.04"]

1. e4 g6 2. d4 Bg7 3. Nc3 d6 4. Nf3 Nd7 5. Be3 e5 6. d5 f5 7. exf5 gxf5 8. Ng5
Ndf6 9. Bb5+ Kf8 10. Qe2 h6 11. Nf3 a6 12. Ba4 Ne7 13. Rd1 f4 14. Bc1 b5 15.
Bb3 Bg4 16. O-O Rg8 17. Ne4 Qe8 18. Nxf6 Bxf6 19. Kh1 Nf5 20. Qe4 Qg6 21. Rfe1
Bh5 22. g3 Nxg3+ 23. fxg3 Qxe4 24. Rxe4 Bxf3+ 0-1

[Event "XXVIII Corsicoscacchi Magistrale"]
[Site "Corsico ITA"]
[Date "2003.10.04"]
[Round "1"]
[White "Cartella, Giovanni"]
[Black "Pelizzola, Danilo"]
[Result "0-1"]
[WhiteElo "1806"]
[BlackElo "2118"]
[PlyCount "62"]
[EventDate "2003.10.04"]

1. d4 d5 2. Nf3 Nf6 3. Bg5 e6 4. e3 Nbd7 5. Bd3 Be7 6. Nbd2 b6 7. c3 Bb7 8. Qa4
O-O 9. Ne5 Nxe5 10. dxe5 Nd7 11. Bf4 Nc5 12. Qc2 Nxd3+ 13. Qxd3 f6 14. Nf3 f5
15. h4 h6 16. h5 c5 17. Rg1 Qe8 18. g4 fxg4 19. Rxg4 Qxh5 20. Rg3 d4 21. Nh2
dxe3 22. Qxe3 Bh4 23. Rg4 Rxf4 24. Qxf4 g5 25. Qf6 Bd5 26. O-O-O Rf8 27. Qe7
Bxf2 28. Rxd5 exd5 29. Qe6+ Kg7 30. Rg2 Be3+ 31. Kc2 Qg6+ 0-1

[Event "XXVIII Corsicoscacchi Magistrale"]
[Site "Corsico ITA"]
[Date "2003.10.04"]
[Round "1"]
[White "Cazzaniga, Walter"]
[Black "Cedriano, Filippo"]
[Result "1-0"]
[WhiteElo "2119"]
[BlackElo "1825"]
[PlyCount "71"]
[EventDate "2003.10.04"]

1. d4 d6 2. c4 g6 3. Nc3 Bg7 4. Nf3 Nf6 5. e4 O-O 6. Be2 e5 7. O-O Nc6 8. Be3
exd4 9. Nxd4 Re8 10. f3 Nd7 11. Nxc6 bxc6 12. Qd2 Ne5 13. Rad1 Be6 14. b3 f5
15. f4 Nf7 16. Bf3 Qd7 17. Bd4 Bxd4+ 18. Qxd4 c5 19. Qd2 Rad8 20. exf5 gxf5 21.
g3 c6 22. Qg2 Rc8 23. Rfe1 Qc7 24. Re3 Bd7 25. Red3 Re6 26. Bh5 Be8 27. g4 Kh8
28. gxf5 Rf6 29. Rg3 Nh6 30. Ne4 Bxh5 31. Qb2 Ng4 32. Rxg4 Bxg4 33. Qxf6+ Qg7
34. Qxg7+ Kxg7 35. f6+ Kg6 36. Rxd6 1-0

[Event "XXVIII Corsicoscacchi Magistrale"]
[Site "Corsico ITA"]
[Date "2003.10.04"]
[Round "1"]
[White "Massironi, Marco"]
[Black "Ubezio, Marco"]
[Result "1-0"]
[WhiteElo "2082"]
[BlackElo "2182"]
[PlyCount "91"]
[EventDate "2003.10.04"]

1. e4 Nf6 2. e5 Nd5 3. d4 d6 4. c4 Nb6 5. exd6 exd6 6. Nc3 Nc6 7. Be3 Bf5 8.
Nf3 Be7 9. Be2 Bf6 10. O-O O-O 11. Rc1 Re8 12. c5 dxc5 13. dxc5 Bxc3 14. Qxd8
Raxd8 15. cxb6 Bxb2 16. bxc7 Rc8 17. Rc5 Be4 18. Bf4 Ba3 19. Rb5 b6 20. Rb3 Bd5
21. Re3 Rxe3 22. fxe3 Nb4 23. Nd4 Bb7 24. Bg4 Re8 25. Nb5 Nc2 26. Nxa3 Nxa3 27.
Rd1 Nb5 28. Rd8 Nxc7 29. Bxc7 Rxd8 30. Bxd8 Kf8 31. Bc7 Ke7 32. Be5 f6 33. Bg3
Bd5 34. a3 Bc4 35. Kf2 Kd8 36. Bd6 g6 37. e4 h5 38. Be2 Be6 39. Bb5 Bc8 40. Bc6
Be6 41. Ke3 Bc4 42. Kf4 Be6 43. h4 Bg4 44. e5 fxe5+ 45. Kxe5 Bf5 46. Be4 1-0

[Event "XXVIII Corsicoscacchi Magistrale"]
[Site "Corsico ITA"]
[Date "2003.10.04"]
[Round "1"]
[White "Pace, Pietro Dario"]
[Black "D'Apa, Matteo"]
[Result "1-0"]
[WhiteElo "2115"]
[BlackElo "1756"]
[PlyCount "65"]
[EventDate "2003.10.04"]

1. e4 e5 2. Nf3 Nc6 3. Bb5 a6 4. Ba4 Nge7 5. O-O d6 6. h3 Bd7 7. c3 g6 8. d4
Bg7 9. Bg5 h6 10. Be3 O-O 11. Bb3 Kh7 12. c4 Na5 13. dxe5 Nxb3 14. Qxb3 dxe5
15. Nc3 f5 16. Rad1 f4 17. Bc1 Nc6 18. Nd5 Nd4 19. Nxd4 exd4 20. Nxf4 Qe8 21.
Rfe1 Ba4 22. Qxb7 Bxd1 23. Rxd1 Qf7 24. Qd5 Rae8 25. f3 Qe7 26. Nd3 Qh4 27. Rf1
Qg3 28. b4 Re5 29. Qc6 Rh5 30. Qd7 Kh8 31. c5 Be5 32. Nxe5 Qxe5 33. Bb2 1-0

[Event "XXVIII Corsicoscacchi Magistrale"]
[Site "Corsico ITA"]
[Date "2003.10.04"]
[Round "1"]
[White "Salami, Marco"]
[Black "Di Majo, Carlo"]
[Result "1/2-1/2"]
[WhiteElo "2166"]
[BlackElo "1977"]
[PlyCount "130"]
[EventDate "2003.10.04"]

1. e4 c6 2. d4 d5 3. e5 c5 4. dxc5 e6 5. Be3 Nd7 6. Bb5 Qc7 7. Nf3 Bxc5 8. Bxc5
Qxc5 9. Nc3 Ne7 10. O-O h6 11. Re1 a6 12. Bd3 Nb6 13. Nd2 Bd7 14. Qg4 g5 15. a4
Nf5 16. a5 Nc8 17. Nb3 Qc6 18. Bxf5 exf5 19. Qf3 Be6 20. Nd4 Qd7 21. Na4 f4 22.
Nc5 Qe7 23. Ncxe6 fxe6 24. Qg4 Kf7 25. Qh5+ Kg7 26. Ra3 Na7 27. Qg4 Rhe8 28. h4
Nb5 29. Nxb5 axb5 30. Rf3 Rf8 31. Ra1 Kg6 32. hxg5 hxg5 33. Rh3 Rh8 34. Raa3
Qf7 35. Rab3 Qf5 36. Qxf5+ Kxf5 37. Rxh8 Rxh8 38. Rxb5 Ra8 39. Kf1 Kxe5 40. Ke2
Kd4 41. Kd2 Kc4 42. Rxb7 Rxa5 43. Re7 Ra6 44. Rg7 Ra1 45. Rxg5 Rf1 46. f3 Rf2+
47. Kd1 Rf1+ 48. Ke2 Rb1 49. Rg4 e5 50. g3 Rxb2 51. Kd2 Kd4 52. gxf4 exf4 53.
Rxf4+ Ke5 54. Rf8 Ra2 55. Kd3 Ra4 56. c3 Rc4 57. Re8+ Kf4 58. Rf8+ Ke5 59. Rh8
Rf4 60. Rh5+ Ke6 61. Rh3 Ke5 62. Rg3 Kf6 63. Rh3 Ke5 64. Ke3 Rc4 65. Rh5+ Ke6
1/2-1/2

[Event "XXVIII Corsicoscacchi Magistrale"]
[Site "Corsico ITA"]
[Date "2003.10.04"]
[Round "1"]
[White "Sgnaolin, Davide"]
[Black "Cereda, Loris"]
[Result "1-0"]
[WhiteElo "2137"]
[BlackElo "1890"]
[PlyCount "98"]
[EventDate "2003.10.04"]

1. e4 e5 2. Nf3 Nc6 3. Bb5 a6 4. Bxc6 dxc6 5. O-O Bg4 6. h3 h5 7. d3 Qf6 8.
Nbd2 Ne7 9. Re1 Ng6 10. d4 Bd6 11. hxg4 hxg4 12. Nh2 Rxh2 13. Qxg4 Qh4 14. Qxh4
Rxh4 15. Nf3 Rh8 16. Be3 O-O-O 17. Red1 exd4 18. Bxd4 f6 19. g3 Rh5 20. Kg2 c5
21. Bc3 Re8 22. Nd2 b5 23. b3 Reh8 24. Rh1 Rxh1 25. Rxh1 Rxh1 26. Kxh1 Be5 27.
Bxe5 Nxe5 28. Kg2 Kd7 29. f4 Nc6 30. c3 b4 31. Nb1 Kd6 32. Kf2 Na7 33. Ke3 Nb5
34. Kd3 Kc6 35. g4 Nd6 36. e5 fxe5 37. fxe5 Nb5 38. c4 Nd4 39. Ke4 Kd7 40. Kd5
Ne6 41. Nd2 c6+ 42. Ke4 Nd4 43. Nf1 Ke7 44. Ng3 g5 45. Nf5+ Kd7 46. Nxd4 cxd4
47. Kxd4 Ke6 48. Kc5 Kxe5 49. Kxc6 Kd4 1-0

[Event "XXVIII Corsicoscacchi Magistrale"]
[Site "Corsico ITA"]
[Date "2003.10.04"]
[Round "2"]
[White "Barberi, Alessandro"]
[Black "Sgnaolin, Davide"]
[Result "1-0"]
[WhiteElo "2099"]
[BlackElo "2137"]
[PlyCount "45"]
[EventDate "2003.10.04"]

1. d4 Nf6 2. c4 c5 3. d5 b5 4. cxb5 e6 5. b6 Qxb6 6. Nc3 d6 7. Nf3 g6 8. Nd2
Bg7 9. e4 O-O 10. Be2 Nbd7 11. Nc4 Qc7 12. Bg5 Nb6 13. Ne3 a5 14. h4 a4 15. Rc1
Ba6 16. h5 Bxe2 17. Qxe2 Qd7 18. Qf3 a3 19. b3 Rfc8 20. Qg3 e5 21. Nf5 Rc7 22.
Nxg7 Kxg7 23. h6+ 1-0

[Event "XXVIII Corsicoscacchi Magistrale"]
[Site "Corsico ITA"]
[Date "2003.10.04"]
[Round "2"]
[White "Bonazzi, Edoardo"]
[Black "De Santis, Massimo"]
[Result "1-0"]
[WhiteElo "2139"]
[BlackElo "1837"]
[PlyCount "51"]
[EventDate "2003.10.04"]

1. c4 Nf6 2. Nc3 e6 3. e4 Bb4 4. e5 Bxc3 5. bxc3 Ng8 6. Qg4 Kf8 7. d4 h6 8. Bd3
d6 9. f4 c5 10. Nf3 Nc6 11. Be3 b6 12. O-O Nge7 13. Rad1 cxd4 14. cxd4 d5 15.
c5 bxc5 16. dxc5 Qa5 17. Bb1 Ba6 18. Rf2 Qc3 19. Bd4 Nxd4 20. Nxd4 h5 21. Qh4
Rb8 22. f5 exf5 23. Bxf5 Nxf5 24. Rxf5 Qd3 25. Rxd3 Rb1+ 26. Kf2 1-0

[Event "XXVIII Corsicoscacchi Magistrale"]
[Site "Corsico ITA"]
[Date "2003.10.04"]
[Round "2"]
[White "Cedriano, Filippo"]
[Black "Brunelli, Giovanni"]
[Result "0-1"]
[WhiteElo "1825"]
[BlackElo "1711"]
[PlyCount "96"]
[EventDate "2003.10.04"]

1. e4 c5 2. Nf3 d6 3. d4 cxd4 4. Nxd4 Nf6 5. Nc3 a6 6. Bc4 e6 7. Bb3 Nc6 8. Be3
Be7 9. Qe2 O-O 10. g4 Nxd4 11. Bxd4 e5 12. Be3 Nxg4 13. Bd2 Bh4 14. Rf1 Bg5 15.
O-O-O Bxd2+ 16. Rxd2 Nf6 17. Rfd1 Ne8 18. Nd5 Be6 19. Ne3 Bxb3 20. axb3 Qh4 21.
Nf5 Qxh2 22. Ng3 Qh6 23. Rh1 Qe6 24. Nf5 g6 25. Rh6 Rd8 26. Ne3 Nf6 27. Qf3 Kg7
28. Qh1 Rh8 29. f3 d5 30. exd5 Nxd5 31. Ng4 Rd7 32. Rdh2 Nf6 33. Nxf6 Qxf6 34.
Rxh7+ Rxh7 35. Rxh7+ Kg8 36. Rh4 Rd4 37. Rh3 Rf4 38. Qg2 e4 39. Kb1 exf3 40.
Qf2 Qf5 41. Rh4 g5 42. Rh5 Rg4 43. Qb6 Qd5 44. Qc7 Kg7 45. Qb6 Qe6 46. Qd8 Kg6
47. Qh8 Qe1+ 48. Ka2 Qa5+ 0-1

[Event "XXVIII Corsicoscacchi Magistrale"]
[Site "Corsico ITA"]
[Date "2003.10.04"]
[Round "2"]
[White "Cereda, Loris"]
[Black "Murgia, Andrea"]
[Result "0-1"]
[WhiteElo "1890"]
[BlackElo "2132"]
[PlyCount "56"]
[EventDate "2003.10.04"]

1. e4 e5 2. Nc3 Nc6 3. Bc4 Nf6 4. d3 Na5 5. Nf3 d6 6. Qe2 Nxc4 7. dxc4 Be7 8.
Be3 c6 9. Rd1 Qc7 10. h3 O-O 11. O-O h6 12. Nh2 Be6 13. b3 Rfe8 14. f4 exf4 15.
Bxf4 Nd7 16. Ng4 Ne5 17. Ne3 Ng6 18. Bh2 Qa5 19. Rd3 Ne5 20. Bxe5 Qxe5 21. Nf5
Bf8 22. Qd2 Rad8 23. Rdf3 d5 24. exd5 cxd5 25. Re1 Qc7 26. Nxd5 Qc5+ 27. Qe3
Bxd5 28. Ne7+ Bxe7 0-1

[Event "XXVIII Corsicoscacchi Magistrale"]
[Site "Corsico ITA"]
[Date "2003.10.04"]
[Round "2"]
[White "D'Apa, Matteo"]
[Black "Cartella, Giovanni"]
[Result "0-1"]
[WhiteElo "1756"]
[BlackElo "1806"]
[PlyCount "70"]
[EventDate "2003.10.04"]

1. d4 d5 2. c4 c6 3. Nf3 Bf5 4. Nc3 e6 5. e3 Bd6 6. Be2 Nf6 7. Nh4 Bg6 8. Nxg6
hxg6 9. h3 Nbd7 10. c5 Bc7 11. b4 e5 12. a4 O-O 13. O-O e4 14. Bg4 Nxg4 15.
Qxg4 Nf6 16. Qd1 Rc8 17. b5 Bb8 18. Ne2 Qc7 19. g3 g5 20. Rb1 g6 21. b6 axb6
22. Rxb6 Qd7 23. Kg2 Bc7 24. Rb1 Kg7 25. Bd2 Rh8 26. Rh1 Rh7 27. Qb3 Qf5 28.
Ng1 Rch8 29. Qxb7 Rb8 30. Qxc7 Rxb1 31. Qd6 Rxh3 32. Rxh3 Rxg1+ 33. Kxg1 Qxh3
34. Qxc6 Ng4 35. Be1 Nh2 0-1

[Event "XXVIII Corsicoscacchi Magistrale"]
[Site "Corsico ITA"]
[Date "2003.10.04"]
[Round "2"]
[White "Di Majo, Carlo"]
[Black "Borroni, Enrico"]
[Result "1/2-1/2"]
[WhiteElo "1977"]
[BlackElo "1908"]
[PlyCount "70"]
[EventDate "2003.10.04"]

1. d4 d5 2. Nf3 c6 3. Bf4 Nf6 4. e3 Bf5 5. Bd3 Bxd3 6. Qxd3 e6 7. Nbd2 Nbd7 8.
h3 Be7 9. Ne5 O-O 10. O-O Nxe5 11. Bxe5 Bd6 12. Bxd6 Qxd6 13. e4 dxe4 14. Nxe4
Nxe4 15. Qxe4 Qd5 16. Qe3 Rac8 17. Rfd1 Rfe8 18. b3 Qf5 19. Rd2 g6 20. Rad1 Kg7
21. Qe5+ Qxe5 22. dxe5 Re7 23. Rd7 Kf8 24. f4 Ke8 25. R7d6 Rec7 26. c4 c5 27.
g4 Rc6 28. R6d3 R6c7 29. Kf2 Ke7 30. g5 b6 31. h4 Rb8 32. h5 Rbc8 33. hxg6 hxg6
34. Rh1 Rd7 35. Rxd7+ Kxd7 1/2-1/2

[Event "XXVIII Corsicoscacchi Magistrale"]
[Site "Corsico ITA"]
[Date "2003.10.04"]
[Round "2"]
[White "Pelizzola, Danilo"]
[Black "Cazzaniga, Walter"]
[Result "1/2-1/2"]
[WhiteElo "2118"]
[BlackElo "2119"]
[PlyCount "32"]
[EventDate "2003.10.04"]

1. e4 e6 2. d4 d5 3. exd5 exd5 4. Nf3 Nc6 5. Bd3 Bd6 6. O-O Nge7 7. Re1 Bg4 8.
c3 Qd7 9. Nbd2 O-O-O 10. b4 Kb8 11. b5 Na5 12. Qa4 b6 13. Ba3 f6 14. Bb4 Nb7
15. Qb3 Rde8 16. a4 g6 1/2-1/2

[Event "XXVIII Corsicoscacchi Magistrale"]
[Site "Corsico ITA"]
[Date "2003.10.04"]
[Round "2"]
[White "Ubezio, Marco"]
[Black "Salami, Marco"]
[Result "1/2-1/2"]
[WhiteElo "2182"]
[BlackElo "2166"]
[PlyCount "155"]
[EventDate "2003.10.04"]

1. d4 e6 2. Nd2 c5 3. dxc5 Bxc5 4. Ne4 Be7 5. Nd6+ Bxd6 6. Qxd6 Nc6 7. g3 Qb6
8. Bg2 Nge7 9. c3 O-O 10. Nf3 Nf5 11. Qd3 d5 12. O-O f6 13. g4 Nfe7 14. Nd4
Nxd4 15. Qxd4 Qxd4 16. cxd4 Bd7 17. Bd2 Nc6 18. e3 Rfc8 19. Rfc1 Kf7 20. Bc3
Nd8 21. Rc2 Ba4 22. b3 Bb5 23. Rac1 Bd3 24. Rd2 Bg6 25. Rdd1 Rc6 26. Bb2 Rac8
27. Rxc6 Rxc6 28. Rc1 Rxc1+ 29. Bxc1 Nc6 30. Bd2 Bb1 31. a3 Ba2 32. b4 Bc4 33.
Bc3 a6 34. e4 Ke8 35. f4 Ne7 36. Kf2 g6 37. Kg3 f5 38. exf5 exf5 39. Kh4 fxg4
40. Kxg4 Nf5 41. Bh3 Kf7 42. Kf3 Nd6 43. Ke3 Bb5 44. Kf3 Nc4 45. Bc8 Bc6 46. a4
Nd6 47. Bh3 Bxa4 48. Be1 Bc2 49. Ke3 Bf5 50. Bg2 Nc4+ 51. Kf2 Ke6 52. Bf1 Nd6
53. Ke3 Kd7 54. Bh4 Be4 55. Bf6 Kc6 56. Kd2 Bb1 57. Be5 Ba2 58. Bxd6 Kxd6 59.
Bh3 Bb1 60. Bc8 Kc7 61. Be6 Be4 62. Bg8 h6 63. h4 h5 64. Be6 Kc6 65. Kc3 b5 66.
Bh3 Bf5 67. Bg2 Kd6 68. Kd2 Kc6 69. Kc3 Be4 70. Bf1 Kb6 71. Bh3 a5 72. Bf1 a4
73. Bh3 Kc6 74. Bf1 Bf5 75. Kb2 Bd7 76. Bd3 Be8 77. Ka3 Kd6 78. Kb2 1/2-1/2

[Event "XXVIII Corsicoscacchi Magistrale"]
[Site "Corsico ITA"]
[Date "2003.10.05"]
[Round "3"]
[White "Cazzaniga, Walter"]
[Black "Barberi, Alessandro"]
[Result "1/2-1/2"]
[WhiteElo "2119"]
[BlackElo "2099"]
[PlyCount "68"]
[EventDate "2003.10.04"]

1. d4 g6 2. c4 Bg7 3. Nc3 d6 4. Nf3 Nd7 5. g3 e5 6. Bg2 Ne7 7. e4 O-O 8. O-O f5
9. Ng5 Nf6 10. dxe5 dxe5 11. Qb3 c5 12. Rd1 Qb6 13. Nd5 Nexd5 14. exd5 Qd6 15.
Bd2 Rb8 16. Qa3 a6 17. b4 b6 18. bxc5 bxc5 19. Be3 Rb4 20. Rac1 Rd8 21. Bd2 Rb8
22. Ba5 Re8 23. Ne6 Bxe6 24. dxe6 Qxe6 25. Qxc5 Bf8 26. Qe3 e4 27. Bc3 Rbd8 28.
Rxd8 Rxd8 29. Bxf6 Qxf6 30. Bf1 Qb2 31. c5 a5 32. c6 Rc8 33. Qb3+ Qxb3 34. axb3
Rc7 1/2-1/2

[Event "XXVIII Corsicoscacchi Magistrale"]
[Site "Corsico ITA"]
[Date "2003.10.05"]
[Round "3"]
[White "De Santis, Massimo"]
[Black "Brunelli, Giovanni"]
[Result "1-0"]
[WhiteElo "1837"]
[BlackElo "1711"]
[PlyCount "101"]
[EventDate "2003.10.04"]

1. d4 Nf6 2. c4 e6 3. Nf3 b6 4. a3 Bb7 5. Nc3 Be7 6. Bf4 O-O 7. h3 d5 8. e3
Nbd7 9. Be2 dxc4 10. Bxc4 Nd5 11. Nxd5 exd5 12. Bd3 Nf6 13. Rc1 c5 14. O-O Ne4
15. Nd2 Rc8 16. dxc5 bxc5 17. Nxe4 dxe4 18. Bc4 Qb6 19. Be5 Bf6 20. Bxf6 Qxf6
21. Qd7 Ba6 22. Bxa6 Qxa6 23. Qd5 Qc6 24. Rfd1 Qf6 25. Qb7 Rb8 26. Qxa7 Rxb2
27. Rf1 Rb6 28. Rxc5 Ra6 29. Qb7 Qe6 30. Rc3 g6 31. Rfc1 Rb6 32. Qa7 Ra6 33.
Qc7 Rfa8 34. Qc5 Qa2 35. Qe5 Qe6 36. Qxe6 Rxe6 37. Rc8+ Rxc8 38. Rxc8+ Kg7 39.
Ra8 Rc6 40. a4 Rc1+ 41. Kh2 Ra1 42. a5 Ra2 43. Kg3 g5 44. a6 h6 45. a7 f6 46.
h4 f5 47. hxg5 hxg5 48. Kh3 Ra6 49. f3 exf3 50. gxf3 Ra3 51. Kg3 1-0

[Event "XXVIII Corsicoscacchi Magistrale"]
[Site "Corsico ITA"]
[Date "2003.10.05"]
[Round "3"]
[White "Murgia, Andrea"]
[Black "Cartella, Giovanni"]
[Result "0-1"]
[WhiteElo "2132"]
[BlackElo "1806"]
[PlyCount "122"]
[EventDate "2003.10.04"]

1. e4 c5 2. c3 Nc6 3. d4 e6 4. d5 Nb8 5. Bc4 e5 6. d6 Qf6 7. Nf3 h6 8. O-O Bxd6
9. b4 Ne7 10. Qb3 O-O 11. Be3 cxb4 12. cxb4 Nbc6 13. Nc3 a6 14. a4 Nxb4 15.
Rfd1 Nec6 16. Bb6 Be7 17. Nd5 Nxd5 18. exd5 Nd8 19. Nd2 d6 20. Bd3 Bf5 21. Ne4
Bxe4 22. Bxe4 Qf4 23. Re1 f5 24. g3 Qg5 25. f4 exf4 26. Bg2 fxg3 27. hxg3 Bf6
28. Rac1 Be5 29. Be3 Qxg3 30. Qb4 Qh2+ 31. Kf1 f4 32. Bg1 Qg3 33. Bf2 Qd3+ 34.
Kg1 Qf5 35. Qe4 Qxe4 36. Rxe4 Nf7 37. Rec4 Ng5 38. Bb6 f3 39. Bf1 f2+ 40. Bxf2
Nf3+ 41. Kg2 Nd2 42. Rc7 Nxf1 43. Rxf1 Rac8 44. Rfc1 Rxc7 45. Rxc7 Rf4 46. a5
Rf7 47. Rc8+ Kh7 48. Bb6 g5 49. Re8 Kg6 50. Bd8 Kf5 51. Kf3 g4+ 52. Ke3 g3 53.
Rg8 Rg7 54. Rf8+ Kg4 55. Bb6 Kh3 56. Kf3 Kh2 57. Be3 g2 58. Rf5 Rg3+ 59. Ke2
Rxe3+ 60. Kd2 g1=Q 61. Rh5+ Rh3 0-1

[Event "XXVIII Corsicoscacchi Magistrale"]
[Site "Corsico ITA"]
[Date "2003.10.05"]
[Round "3"]
[White "Pace, Pietro Dario"]
[Black "Bonazzi, Edoardo"]
[Result "1-0"]
[WhiteElo "2115"]
[BlackElo "2139"]
[PlyCount "71"]
[EventDate "2003.10.04"]

1. e4 c6 2. d4 d5 3. exd5 cxd5 4. Bd3 Nc6 5. c3 Nf6 6. Bf4 Bg4 7. Qb3 Qd7 8.
Nd2 e6 9. Ngf3 Bxf3 10. Nxf3 Bd6 11. Bg5 O-O 12. O-O Rac8 13. Rfe1 Qc7 14. Rad1
a6 15. Bb1 Ne7 16. Ne5 Ng6 17. Nf3 b5 18. h4 Rfe8 19. a3 Qc4 20. Qc2 Ne4 21.
Nd2 Nxd2 22. Qxd2 a5 23. h5 Nf8 24. Bd3 Qb3 25. Qe2 f6 26. Bd2 b4 27. axb4 axb4
28. Rb1 Rc7 29. Qf3 bxc3 30. bxc3 Qa2 31. Red1 Be7 32. Ra1 Qb2 33. Qg3 Qb6 34.
Rdb1 Qd6 35. Bf4 e5 36. dxe5 1-0

[Event "XXVIII Corsicoscacchi Magistrale"]
[Site "Corsico ITA"]
[Date "2003.10.05"]
[Round "3"]
[White "Pelizzola, Danilo"]
[Black "Massironi, Marco"]
[Result "1-0"]
[WhiteElo "2118"]
[BlackElo "2082"]
[PlyCount "130"]
[EventDate "2003.10.04"]

1. e4 c5 2. Nf3 d6 3. d4 cxd4 4. Nxd4 Nf6 5. Nc3 a6 6. Be2 e5 7. Nb3 Be6 8. Be3
Nbd7 9. O-O Be7 10. f4 exf4 11. Bxf4 Ne5 12. h3 Rc8 13. Nd4 Qb6 14. Rb1 Bc4 15.
Kh1 Bxe2 16. Ndxe2 O-O 17. Nd4 Rfe8 18. Nf5 Nc4 19. Bg5 Nxb2 20. Na4 Nxd1 21.
Nxb6 Rxc2 22. Nxe7+ Rxe7 23. Rfxd1 Rxe4 24. Bxf6 gxf6 25. Nd5 Ree2 26. Rxb7
Rxg2 27. Rg1 Rxg1+ 28. Kxg1 Rxa2 29. Nxf6+ Kg7 30. Ne8+ Kg6 31. Nxd6 f6 32. Ne4
Kf5 33. Nf2 Kg6 34. Kg2 a5 35. Rb6 a4 36. Ra6 Kf5 37. Kg3 h5 38. Ra5+ Kg6 39.
Ne4 a3 40. Kf3 Ra1 41. Ra6 a2 42. Nf2 Kg5 43. Ra4 Kh6 44. Kf4 Kg6 45. Ra6 h4
46. Ra7 f5 47. Ra6+ Kf7 48. Kxf5 Ke7 49. Kf4 Kd7 50. Kf3 Kc7 51. Kg2 Kb7 52.
Ra3 Kc7 53. Ng4 Kd6 54. Ra5 Ke6 55. Kh2 Ke7 56. Ra6 Kd7 57. Ne5+ Ke7 58. Ng6+
Kf7 59. Nxh4 Kg7 60. Ng2 Kh7 61. Kg3 Kg7 62. Kg4 Kh7 63. h4 Kg7 64. Kg5 Kh7 65.
h5 Kg7 1-0

[Event "XXVIII Corsicoscacchi Magistrale"]
[Site "Corsico ITA"]
[Date "2003.10.05"]
[Round "3"]
[White "Salami, Marco"]
[Black "Borroni, Enrico"]
[Result "1/2-1/2"]
[WhiteElo "2166"]
[BlackElo "1908"]
[PlyCount "90"]
[EventDate "2003.10.04"]

1. e4 c6 2. d4 d5 3. e5 Bf5 4. Be3 e6 5. Nd2 Nd7 6. c3 a6 7. a4 c5 8. Ngf3 cxd4
9. Bxd4 Bc5 10. Nb3 Bxd4 11. Qxd4 Ne7 12. a5 Nc6 13. Qf4 h6 14. Nbd4 Nxd4 15.
Qxd4 Qc7 16. Be2 O-O 17. O-O Rac8 18. Rfe1 Nc5 19. Nd2 Nd7 20. Bf1 Rfd8 21. g4
Bh7 22. h4 Nf8 23. h5 Qe7 24. Ra4 Nd7 25. Rb4 Rc7 26. Qf4 Nc5 27. Re3 Ne4 28.
Nf3 Ng5 29. Nd4 Ne4 30. Nf3 Ng5 31. Nxg5 hxg5 32. Qd4 Rdd7 33. Re1 Kf8 34. Qd2
Be4 35. Qe3 Rc8 36. Ra1 Kg8 37. Ra3 f6 38. f3 Bc2 39. Rb6 Kf7 40. Bd3 Bxd3 41.
Qxd3 Kg8 42. Qg6 Qc5+ 43. Kg2 Qe3 44. Rxe6 Qe2+ 45. Kg3 Qe1+ 1/2-1/2

[Event "XXVIII Corsicoscacchi Magistrale"]
[Site "Corsico ITA"]
[Date "2003.10.05"]
[Round "3"]
[White "Sgnaolin, Davide"]
[Black "Di Majo, Carlo"]
[Result "1/2-1/2"]
[WhiteElo "2137"]
[BlackElo "1977"]
[PlyCount "97"]
[EventDate "2003.10.04"]

1. e4 c6 2. d4 d5 3. Nd2 dxe4 4. Nxe4 Nf6 5. Nxf6+ exf6 6. Nf3 Bd6 7. Bd3 Be6
8. O-O Nd7 9. c4 O-O 10. h3 Qa5 11. Nh4 g6 12. Bd2 Qd8 13. f4 f5 14. g3 Nc5 15.
Bc3 Ne4 16. Qf3 Nxc3 17. bxc3 Re8 18. Rab1 Qa5 19. Rfc1 Ba3 20. Rc2 Qa4 21. c5
b6 22. cxb6 axb6 23. Qf2 b5 24. Nf3 Bd6 25. Kh2 Bc4 26. Bxc4 Qxc4 27. Re1 Rxe1
28. Nxe1 Ra3 29. Qd2 b4 30. cxb4 Bxb4 31. Rxc4 Bxd2 32. Nc2 Rxa2 33. Rxc6 Kf8
34. Kg2 Ke7 35. Kf3 Kd7 36. Rc4 Rb2 37. Ke2 Ba5 38. Kf3 Bd2 39. Ke2 Ba5 40. Kf3
Kd6 41. Rc5 Bd2 42. Ke2 Bb4 43. Rc4 Kd5 44. Rxb4 Rxc2+ 45. Kf3 Rc3+ 46. Kf2 Rd3
47. Rb7 Ke6 48. Rb6+ Kd5 49. Rb7 1/2-1/2

[Event "XXVIII Corsicoscacchi Magistrale"]
[Site "Corsico ITA"]
[Date "2003.10.05"]
[Round "3"]
[White "Ubezio, Marco"]
[Black "Cereda, Loris"]
[Result "1-0"]
[WhiteElo "2182"]
[BlackElo "1890"]
[PlyCount "103"]
[EventDate "2003.10.04"]

1. d4 Nf6 2. Bg5 d5 3. Bxf6 exf6 4. e3 Bd6 5. Bd3 O-O 6. Nd2 c6 7. Qf3 Re8 8.
Ne2 Be6 9. g4 Qb6 10. a3 Nd7 11. h4 c5 12. b3 Qc7 13. c3 a6 14. g5 Be7 15. Nf4
Qd6 16. Ke2 Nf8 17. gxf6 Bxf6 18. Nh5 Be7 19. Rag1 Ng6 20. Nxg7 Kxg7 21. h5
cxd4 22. hxg6 hxg6 23. Qh5 Bd8 24. Rxg6+ Kf8 25. Rg8+ Ke7 26. Rxe8+ Kxe8 27.
Qh8+ Ke7 28. Qxd4 Bb6 29. Qb4 Qxb4 30. axb4 Rc8 31. c4 Bc7 32. e4 dxe4 33. Nxe4
Be5 34. Nc5 Rc7 35. Be4 Bc8 36. Bd5 b6 37. Nd3 Bd6 38. Rh6 Bf5 39. Bxf7 Bxd3+
40. Kxd3 Rd7 41. Bd5 Rc7 42. f4 Bxf4 43. Rxb6 Ra7 44. Rb7+ Rxb7 45. Bxb7 Bg3
46. c5 Kd7 47. Kc4 Kc7 48. Bxa6 Be1 49. b5 Bd2 50. b6+ Kc6 51. b4 Bf4 52. b5+
1-0

[Event "XXVIII Corsicoscacchi Magistrale"]
[Site "Corsico ITA"]
[Date "2003.10.11"]
[Round "4"]
[White "Barberi, Alessandro"]
[Black "Pelizzola, Danilo"]
[Result "1-0"]
[WhiteElo "2099"]
[BlackElo "2118"]
[PlyCount "36"]
[EventDate "2003.10.04"]

1. d4 Nf6 2. c4 e6 3. Nf3 b6 4. e3 Bb7 5. Bd3 Be7 6. b3 O-O 7. Bb2 d5 8. Nbd2
Nbd7 9. O-O c5 10. Qc2 g6 11. Rad1 Rc8 12. Ne5 Nxe5 13. dxe5 Nd7 14. f4 Qc7 15.
cxd5 exd5 16. e6 fxe6 17. Bxg6 Nf6 18. Bxh7+ Nxh7 1-0

[Event "XXVIII Corsicoscacchi Magistrale"]
[Site "Corsico ITA"]
[Date "2003.10.11"]
[Round "4"]
[White "Bonazzi, Edoardo"]
[Black "Salami, Marco"]
[Result "1/2-1/2"]
[WhiteElo "2139"]
[BlackElo "2166"]
[PlyCount "74"]
[EventDate "2003.10.04"]

1. c4 f5 2. g3 Nf6 3. Bg2 e6 4. b3 Be7 5. Bb2 O-O 6. Nf3 d6 7. O-O e5 8. d3 Nc6
9. Nc3 Qe8 10. Nd5 Bd8 11. a3 Qh5 12. Nxf6+ Bxf6 13. Nd2 Qh6 14. b4 Nd8 15. e3
Ne6 16. Qe2 Ng5 17. f4 Ne6 18. Rac1 exf4 19. Bxf6 fxg3 20. hxg3 Rxf6 21. Nf3
Qh5 22. Nd4 Qg5 23. Nxe6 Bxe6 24. Qf3 Rg6 25. Qf4 c6 26. Qxg5 Rxg5 27. Kf2 Rd8
28. b5 Bd7 29. bxc6 Bxc6 30. Bxc6 bxc6 31. Rb1 Rh5 32. Kg2 Re8 33. Rf3 Re7 34.
e4 g6 35. Rb8+ Kg7 36. exf5 gxf5 37. Rd8 Rh6 1/2-1/2